[Event "Hastings Chess Congress"]
[Site "Hastings ENG"]
[Date "2006.01.03"]
[EventDate "2005.12.28"]
[Round "7"]
[Result "1-0"]
[White "Milos Pavlovic"]
[Black "Vladimir Belov"]
[WhiteElo "2507"]
[BlackElo "2620"]
[PlyCount "36"]

1. e4 e5 2. Nf3 Nc6 3. Bb5 Nf6 4. d3 Bc5 5. Bxc6 dxc6 6. Qe2
Bg4 7. Nbd2 Nd7 8. h3 Bh5 9. g4 Bg6 10. Nf1 f6 11. Ng3 Nf8
12. Be3 Bd6 13. O-O-O c5 14. h4 Ne6 15. g5 Bf7 16. Nf5 Bh5
17. Rdg1 Qd7 18. Ng3 Bf7 {Score incomplete.} 1-0

[Event "Hastings Chess Congress"]
[Site "Hastings ENG"]
[Date "2006.01.03"]
[EventDate "2005.12.28"]
[Round "7"]
[Result "1/2-1/2"]
[White "Vincent Colin"]
[Black "Piotr Bobras"]
[WhiteElo "2375"]
[BlackElo "2563"]
[PlyCount "32"]

1. d4 Nf6 2. c4 g6 3. Nc3 d5 4. Nf3 Bg7 5. cxd5 Nxd5 6. Bg5 h6
7. Bh4 c5 8. Rc1 Nxc3 9. bxc3 O-O 10. e3 Be6 11. Qd2 Nc6
12. Be2 Bd5 13. O-O Qa5 14. c4 Bxf3 15. Qxa5 Nxa5 16. Bxf3 g5
1/2-1/2

[Event "Hastings Chess Congress"]
[Site "Hastings ENG"]
[Date "2006.01.03"]
[EventDate "2005.12.28"]
[Round "7"]
[Result "1/2-1/2"]
[White "Willy Hendriks"]
[Black "Snorri Bergsson"]
[WhiteElo "2402"]
[BlackElo "2266"]
[PlyCount "88"]

1. e4 c6 2. d4 d5 3. exd5 cxd5 4. c4 Nf6 5. Nc3 Nc6 6. Bg5
dxc4 7. Bxc4 Qxd4 8. Qxd4 Nxd4 9. O-O-O e5 10. f4 Bg4 11. Nf3
Nxf3 12. gxf3 Bxf3 13. fxe5 Bxh1 14. exf6 Rc8 15. Kb1 h6
16. Re1+ Kd7 17. Rd1+ Ke8 18. Bh4 g5 19. Re1+ Kd7 20. Bxf7
gxh4 21. Be6+ Kc7 22. Bxc8 Bc6 23. Be6 Bd6 24. h3 Rf8 25. f7
Bd7 26. Nd5+ Kd8 27. Bxd7 Kxd7 28. Nf6+ Kc6 29. Rc1+ Kb5
30. Ne4 Bg3 31. Rc5+ Kb6 32. Rf5 Kc6 33. Kc2 b6 34. Kd3 Kd7
35. Kd4 Ke7 36. Kd5 Rxf7 37. Rxf7+ Kxf7 38. a4 Be1 39. b3 Ke7
40. Nd6 Kf6 41. Ke4 a6 42. Ne8+ Ke7 43. Nc7 a5 44. Nb5 Ke6
1/2-1/2

[Event "Hastings Chess Congress"]
[Site "Hastings ENG"]
[Date "2006.01.03"]
[EventDate "2005.12.28"]
[Round "7"]
[Result "1/2-1/2"]
[White "Mark Hebden"]
[Black "Valery Neverov"]
[WhiteElo "2514"]
[BlackElo "2569"]
[PlyCount "79"]

1. d4 Nf6 2. Nf3 e6 3. c3 b6 4. Bg5 Be7 5. Nbd2 Bb7 6. e3 h6
7. Bh4 O-O 8. Bd3 c5 9. O-O Nc6 10. a3 Nh5 11. Bxe7 Nxe7
12. Qe2 f5 13. Ba6 Qc8 14. Bxb7 Qxb7 15. Rfd1 Nf6 16. Nc4 Qc7
17. Nce5 d6 18. Nc4 Rad8 19. a4 g5 20. Na3 Ng6 21. Nb5 Qe7
22. Nd2 d5 23. c4 a6 24. Nc3 cxd4 25. exd4 Nf4 26. Qf1 dxc4
27. Nxc4 Qb4 28. g3 Rc8 29. Ne5 Qxb2 30. gxf4 Qxc3 31. Rac1
Qb3 32. Qxa6 Nd5 33. fxg5 hxg5 34. Qb7 Rxc1 35. Rxc1 Qxa4
36. Ng6 Re8 37. Ne5 Rf8 38. Ng6 Re8 39. Ne5 Rf8 40. Ng6
1/2-1/2

[Event "Hastings Chess Congress"]
[Site "Hastings ENG"]
[Date "2006.01.03"]
[EventDate "2005.12.28"]
[Round "7"]
[Result "1/2-1/2"]
[White "Yves Duhayon"]
[Black "Jon Viktor Gunnarsson"]
[WhiteElo "2233"]
[BlackElo "2411"]
[PlyCount "67"]

1. Nf3 g6 2. c4 Bg7 3. e4 d6 4. d4 Bg4 5. Be2 Bxf3 6. Bxf3 Nc6
7. Be3 e5 8. d5 Nd4 9. Bxd4 exd4 10. O-O Ne7 11. Nd2 c5
12. Be2 O-O 13. Bd3 Qc7 14. Qc2 Rae8 15. Rae1 Kh8 16. f4 f5
17. g3 fxe4 18. Bxe4 Qd7 19. Nf3 Bf6 20. Kg2 b5 21. b3 bxc4
22. bxc4 Nf5 23. Bxf5 Qxf5 24. Qxf5 gxf5 25. Kf2 Rxe1 26. Rxe1
Rb8 27. Re6 Kg7 28. Rxd6 Rb4 29. Ne5 Bxe5 30. fxe5 Rxc4
31. Rd7+ Kg6 32. Rd6+ Kg7 33. Rd7+ Kg6 34. Rd6+ 1/2-1/2

[Event "Hastings Chess Congress"]
[Site "Hastings ENG"]
[Date "2006.01.03"]
[EventDate "2005.12.28"]
[Round "7"]
[Result "1-0"]
[White "Vladimir Prosviriakov"]
[Black "Jan Rode Pedersen"]
[WhiteElo "2387"]
[BlackElo "2238"]
[PlyCount "91"]

1. d4 Nf6 2. Nf3 g6 3. c4 c5 4. d5 d6 5. Nc3 Bg7 6. e4 O-O
7. Be2 Na6 8. O-O Nc7 9. a4 b6 10. h3 Bd7 11. Bf4 a6 12. e5
Nfe8 13. Qd2 Rb8 14. Bd3 b5 15. axb5 axb5 16. b3 bxc4 17. bxc4
Ra8 18. Rxa8 Qxa8 19. Ne4 Qa6 20. Bh6 Bf5 21. Bxg7 Kxg7
22. Qc3 f6 23. exf6+ exf6 24. Ng3 Bxd3 25. Qxd3 Rf7 26. Re1
Qa5 27. h4 Qa4 28. h5 Qd7 29. Qe3 Qg4 30. Qc3 Kf8 31. Re4 Qd7
32. Qe1 g5 33. Qc3 Kg8 34. h6 Re7 35. Qe1 Kf8 36. Nf5 Rxe4
37. Qxe4 Qf7 38. Nd2 Na8 39. Qb1 Qd7 40. Ng7 Kg8 41. Nxe8 Qxe8
42. Qb7 Qf8 43. Ne4 Nb6 44. Qxb6 Qe7 45. Qb8+ Kf7 46. Nxd6+
1-0

[Event "Hastings Chess Congress"]
[Site "Hastings ENG"]
[Date "2006.01.03"]
[EventDate "2005.12.28"]
[Round "7"]
[Result "1/2-1/2"]
[White "Felix J Kwiatkowski"]
[Black "Simon T Ansell"]
[WhiteElo "2223"]
[BlackElo "2383"]
[PlyCount "51"]

1. e4 e5 2. Nf3 Nc6 3. Bb5 Nf6 4. O-O Bc5 5. Nxe5 Nxe5 6. d4
a6 7. Be2 Nxe4 8. dxc5 Nxc5 9. b4 Ne6 10. f4 Nc6 11. Bb2 Qh4
12. Nc3 O-O 13. Nd5 f5 14. Rf3 b5 15. c4 Bb7 16. Rh3 Qd8
17. cxb5 Ne7 18. Bf3 Nxd5 19. Bxd5 Bxd5 20. Qxd5 Rf7 21. Rf3
axb5 22. Qxb5 c6 23. Qc4 Qb6+ 24. Kh1 Rb8 25. a3 c5 26. Be5
1/2-1/2

[Event "Hastings Chess Congress"]
[Site "Hastings ENG"]
[Date "2006.01.03"]
[EventDate "2005.12.28"]
[Round "7"]
[Result "1-0"]
[White "Dag Madsen"]
[Black "Timothy Spanton"]
[WhiteElo "2301"]
[BlackElo "2018"]
[PlyCount "91"]

1. Nf3 c5 2. c4 g6 3. e4 Nc6 4. d4 cxd4 5. Nxd4 Nf6 6. Nc3 d6
7. Be2 Nxd4 8. Qxd4 Bg7 9. Be3 O-O 10. Qd2 Be6 11. Rc1 Qa5
12. O-O a6 13. f3 Rfc8 14. b3 b5 15. Nd5 Qxd2 16. Bxd2 Nxd5
17. exd5 Bd4+ 18. Kh1 Bd7 19. Bg5 b4 20. Bd3 Re8 21. Rfe1 Kf8
22. Re4 Bc3 23. Re2 a5 24. a4 Ra7 25. g4 Bc8 26. h4 e5
27. dxe6 fxe6 28. Bf4 e5 29. Bh6+ Kf7 30. Be4 Bb7 31. Be3 Bxe4
32. fxe4 Raa8 33. Rf1+ Kg8 34. Kg2 Rf8 35. Ref2 Rxf2+ 36. Rxf2
Be1 37. Rf6 Bxh4 38. Rxd6 Rd8 39. Rd5 Rxd5 40. exd5 Bd8
41. Kf3 Kf7 42. g5 Bc7 43. Ke4 Ke7 44. c5 Bb8 45. c6 Bc7
46. Bc5+ 1-0

[Event "Hastings Chess Congress"]
[Site "Hastings ENG"]
[Date "2006.01.03"]
[EventDate "2005.12.28"]
[Round "7"]
[Result "0-1"]
[White "Francis Rayner"]
[Black "Gudmundur Kjartansson"]
[WhiteElo "2212"]
[BlackElo "2257"]
[PlyCount "80"]

1. e4 c5 2. Nf3 Nc6 3. d4 cxd4 4. Nxd4 Nf6 5. Nc3 e5 6. Ndb5
d6 7. Bg5 a6 8. Na3 b5 9. Nd5 Be7 10. Bxf6 Bxf6 11. c3 Bg5
12. Nc2 Rb8 13. a4 bxa4 14. Ncb4 Nxb4 15. Nxb4 Bd7 16. Qxd6
Be7 17. Qxe5 O-O 18. O-O-O Bxb4 19. cxb4 Rxb4 20. Qd6 Qc8+
21. Kb1 Qb7 22. Bc4 Rxb2+ 23. Ka1 Rxf2 24. Qd4 Rxg2 25. Rhg1
Rxg1 26. Rxg1 g6 27. h4 Be6 28. h5 Bxc4 29. hxg6 hxg6 30. Rh1
f6 31. Qxc4+ Kg7 32. Rb1 Qe7 33. Qxa4 Qe5+ 34. Ka2 Qe6+
35. Ka1 Rc8 36. Rb7+ Kh6 37. Qb4 Rc2 38. Qa3 Rh2 39. Re7 Rh1+
40. Kb2 Qb6+ 0-1

[Event "Hastings Chess Congress"]
[Site "Hastings ENG"]
[Date "2006.01.03"]
[EventDate "2005.12.28"]
[Round "7"]
[Result "1-0"]
[White "Robert Eames"]
[Black "Nigel P Donovan"]
[WhiteElo "2320"]
[BlackElo "2136"]
[PlyCount "49"]

1. e4 c5 2. Nf3 d6 3. d4 cxd4 4. Nxd4 Nf6 5. Nc3 e6 6. g4 h6
7. h4 Nc6 8. Rg1 h5 9. gxh5 Rxh5 10. Bg5 Rh8 11. Be2 Be7
12. h5 Nxd4 13. Qxd4 Nxh5 14. Bxe7 Qxe7 15. Bxh5 Rxh5 16. Qxg7
Qf8 17. Qd4 Qh6 18. Qxd6 Rg5 19. Rxg5 Qxg5 20. Rd1 Qg1+
21. Ke2 Qg4+ 22. Ke3 Qh3+ 23. Kd2 Bd7 24. Kc1 O-O-O 25. Nb5
1-0

[Event "Hastings Chess Congress"]
[Site "Hastings ENG"]
[Date "2006.01.03"]
[EventDate "2005.12.28"]
[Round "7"]
[Result "0-1"]
[White "Dagur Arngrimsson"]
[Black "Baptiste Le Bailly"]
[WhiteElo "2289"]
[BlackElo "2106"]
[PlyCount "80"]

1. e4 e5 2. Nf3 Nc6 3. Bc4 Nf6 4. d3 Bc5 5. c3 d6 6. O-O O-O
7. Nbd2 a6 8. Bb3 Ba7 9. Nc4 Ne7 10. Re1 Ng4 11. d4 b5 12. Ne3
c5 13. h3 Nxe3 14. Bxe3 c4 15. Bc2 Qc7 16. Nh4 Be6 17. f4 f5
18. Kh1 fxe4 19. Bxe4 d5 20. Bxh7+ Kxh7 21. Nf3 Kg8 22. Ng5
Bf7 23. fxe5 Qc6 24. e6 Bg6 25. Qg4 Rf6 26. Bf4 Bb8 27. Be5
Bxe5 28. dxe5 Rf5 29. h4 Raf8 30. h5 Rf4 31. Qh3 Bf5 32. Qe3
Bxe6 33. Kg1 d4 34. cxd4 Bd5 35. Qd2 b4 36. Rf1 c3 37. bxc3
bxc3 38. Qd3 Rxf1+ 39. Rxf1 Rxf1+ 40. Kxf1 Qb5 0-1

[Event "Hastings Chess Congress"]
[Site "Hastings ENG"]
[Date "2006.01.03"]
[EventDate "2005.12.28"]
[Round "7"]
[Result "1-0"]
[White "Ian Snape"]
[Black "R Alan Barton"]
[WhiteElo "2258"]
[BlackElo "2154"]
[PlyCount "79"]

1. c4 g6 2. g3 Bg7 3. Bg2 d6 4. Nc3 c6 5. d3 Na6 6. Rb1 Nc7
7. e4 e5 8. Nge2 h5 9. h3 Be6 10. b4 b5 11. cxb5 Nxb5 12. a4
Nd4 13. Nxd4 exd4 14. Ne2 Ne7 15. O-O Rb8 16. Bg5 Qc8 17. h4
Bg4 18. b5 c5 19. f3 Be6 20. Nf4 Qd7 21. Nxe6 Qxe6 22. Kh2 Bf6
23. Qd2 Bxg5 24. Qxg5 Qe5 25. Qd2 d5 26. Rbe1 O-O 27. f4 Qd6
28. f5 dxe4 29. Qh6 Nxf5 30. Rxf5 exd3 31. Rxh5 gxh5 32. Qxd6
d2 33. Rd1 Rbc8 34. Rxd2 Rfd8 35. Qh6 c4 36. Be4 c3 37. Bh7+
Kh8 38. Bg6+ Kg8 39. Qh7+ Kf8 40. Qxf7+ 1-0

[Event "Hastings Chess Congress"]
[Site "Hastings ENG"]
[Date "2006.01.04"]
[EventDate "2005.12.28"]
[Round "8"]
[Result "1-0"]
[White "Vladimir Belov"]
[Black "Stephen Gordon"]
[WhiteElo "2620"]
[BlackElo "2411"]
[PlyCount "89"]

1. e4 c5 2. Nf3 d6 3. d4 cxd4 4. Nxd4 Nf6 5. f3 e5 6. Bb5+
Nbd7 7. Nf5 d5 8. exd5 a6 9. Ba4 b5 10. Bb3 Nb6 11. Ne3 Bb7
12. Nc3 Bc5 13. Qd3 O-O 14. Bd2 Bxe3 15. Bxe3 Nbxd5 16. O-O-O
Nxe3 17. Qxe3 Qc7 18. g4 Rfe8 19. g5 Nh5 20. Ne4 Rad8 21. g6
hxg6 22. Ng5 Rf8 23. Rxd8 Qxd8 24. Qxe5 Qf6 25. Re1 Nf4
26. Nxf7 Bd5 27. Bxd5 Nxd5 28. Ng5 Nf4 29. Re4 Qb6 30. b3 Qg1+
31. Kb2 Qxh2 32. Rxf4 Qxf4 33. Qe6+ Rf7 34. Qxf7+ Qxf7
35. Nxf7 Kxf7 36. c4 bxc4 37. bxc4 g5 38. Kc3 Ke6 39. Kd4 Kd6
40. c5+ Kc6 41. Kc4 Kc7 42. Kd5 Kd7 43. c6+ Kc7 44. Kc5 a5
45. a4 1-0

[Event "Hastings Chess Congress"]
[Site "Hastings ENG"]
[Date "2006.01.04"]
[EventDate "2005.12.28"]
[Round "8"]
[Result "1-0"]
[White "Simon Kim Williams"]
[Black "Mark Hebden"]
[WhiteElo "2452"]
[BlackElo "2514"]
[PlyCount "77"]

1. d4 Nf6 2. c4 g6 3. Nc3 Bg7 4. e4 d6 5. Bd3 O-O 6. Nge2 Nc6
7. O-O Nh5 8. Bc2 e5 9. d5 Ne7 10. a4 f5 11. exf5 gxf5 12. Bg5
a6 13. Ng3 Nf6 14. Qd2 f4 15. Nge4 Nf5 16. Qd3 Qe8 17. Bxf6
Bxf6 18. g4 Qg6 19. Kh1 Nd4 20. f3 Bh4 21. Bb1 Kh8 22. Ne2
Nxe2 23. Qxe2 Qg7 24. a5 Be7 25. Nc3 Bd7 26. Be4 Rf6 27. b4
Rg8 28. Rg1 Rh6 29. b5 Qf7 30. Rab1 Rh3 31. Bf5 Bxf5 32. gxf5
Rf8 33. Qg2 Rg3 34. hxg3 Qh5+ 35. Qh2 Qxf3+ 36. Rg2 Qxc3
37. gxf4 exf4 38. Rbg1 f3 39. Qxh7+ 1-0

[Event "Hastings Chess Congress"]
[Site "Hastings ENG"]
[Date "2006.01.04"]
[EventDate "2005.12.28"]
[Round "8"]
[Result "1-0"]
[White "Stefan Kristjansson"]
[Black "Jean-Pierre Le Roux"]
[WhiteElo "2467"]
[BlackElo "2497"]
[PlyCount "39"]

1. e4 e5 2. Nf3 d6 3. d4 exd4 4. Nxd4 Nf6 5. Nc3 Be7 6. Bf4
O-O 7. Qd2 d5 8. Ndb5 c6 9. exd5 cxb5 10. d6 Bxd6 11. Qxd6 Qa5
12. O-O-O Be6 13. Bxb5 Bxa2 14. Be5 a6 15. Bxf6 axb5 16. Bxg7
Kxg7 17. Rd3 Nd7 18. Qxd7 Bc4 19. Rg3+ Kh8 20. Qg4 1-0

[Event "Hastings Chess Congress"]
[Site "Hastings ENG"]
[Date "2006.01.04"]
[EventDate "2005.12.28"]
[Round "8"]
[Result "1-0"]
[White "Jack Rudd"]
[Black "Colin A McNab"]
[WhiteElo "2281"]
[BlackElo "2456"]
[PlyCount "113"]

1. e4 c5 2. Nf3 e6 3. Nc3 a6 4. d4 cxd4 5. Qxd4 Nc6 6. Qe3 d6
7. b3 Nf6 8. Bb2 Be7 9. O-O-O Qa5 10. Kb1 O-O 11. h3 b5 12. e5
dxe5 13. Nxe5 Qc7 14. Ng4 Nb4 15. Rd4 Nfd5 16. Nxd5 Nxd5
17. Rxd5 exd5 18. Qd4 f6 19. Qxd5+ Kh8 20. Bd3 Bb7 21. Qh5 f5
22. Ne5 Rf6 23. Bxf5 Rxf5 24. Qxf5 Rf8 25. Qe6 Bf6 26. Rd1 Bc8
27. Qd6 Qxd6 28. Rxd6 Be7 29. Rd2 Kg8 30. f3 Re8 31. Nd3 Bh4
32. Bc3 Bf5 33. g4 Bc8 34. Kb2 Re3 35. Ne5 h5 36. Ng6 Bg5
37. f4 b4 38. Be5 Kh7 39. Nf8+ Kg8 40. fxg5 Kxf8 41. Bd6+ Kf7
42. gxh5 Rxh3 43. Bxb4 Rxh5 44. Rd8 Bf5 45. Bd2 Rh2 46. c4 Ke7
47. Rd4 Rh3 48. a4 Rd3 49. Rxd3 Bxd3 50. Kc3 Bb1 51. b4 g6
52. b5 Kd7 53. Kb4 Kc7 54. Bf4+ Kb7 55. c5 axb5 56. axb5 Be4
57. c6+ 1-0

[Event "Hastings Chess Congress"]
[Site "Hastings ENG"]
[Date "2006.01.04"]
[EventDate "2005.12.28"]
[Round "8"]
[Result "1-0"]
[White "Erik Zude"]
[Black "Dag Madsen"]
[WhiteElo "2426"]
[BlackElo "2301"]
[PlyCount "129"]

1. d4 d5 2. c4 c6 3. Nc3 Nf6 4. e3 Bg4 5. Nf3 e6 6. Qb3 Qb6
7. Ne5 Bf5 8. Bd2 Be7 9. c5 Qc7 10. f3 h6 11. Be2 Nbd7 12. Nd3
O-O 13. O-O Rfe8 14. Be1 e5 15. g4 Bxd3 16. Bxd3 exd4 17. exd4
Qf4 18. Ne2 Qc7 19. Bg3 Qc8 20. Rae1 b6 21. cxb6 axb6 22. Rc1
c5 23. Bb5 c4 24. Qc2 Rxa2 25. Nc3 Ra5 26. Qf5 g6 27. Qf4 Nh7
28. Rce1 Bf6 29. Qd6 Rxe1 30. Rxe1 Bxd4+ 31. Kg2 Ndf8 32. Qxd5
Qc5 33. Qxc5 bxc5 34. Bxc4 Ra7 35. Re2 Ng5 36. Re8 Ra1 37. Ne2
Bxb2 38. Bd6 Bg7 39. Nf4 Rc1 40. Bd5 Rc2+ 41. Kg3 Rd2 42. Bxc5
Ngh7 43. Bb3 g5 44. Nd5 Bd4 45. Ne7+ Kh8 46. Bxd4+ Rxd4
47. Bxf7 Rd6 48. Nf5 Rf6 49. Re7 Rb6 50. Bc4 Rc6 51. Bd5 Rb6
52. Ra7 Nf6 53. Bf7 N6d7 54. Be8 Ne5 55. Bh5 Rf6 56. Ra8 Kg8
57. Re8 Nd3 58. Re7 Ne6 59. Bf7+ Kf8 60. Rxe6 Kxf7 61. Rxf6+
Kxf6 62. Nxh6 Ne5 63. Nf5 Ng6 64. Nd6 Ke5 65. Ne4 1-0

[Event "Hastings Chess Congress"]
[Site "Hastings ENG"]
[Date "2006.01.04"]
[EventDate "2005.12.28"]
[Round "8"]
[Result "1/2-1/2"]
[White "Andrew Greet"]
[Black "Li Wu"]
[WhiteElo "2428"]
[BlackElo "2287"]
[PlyCount "71"]

1. d4 Nf6 2. Nf3 g6 3. c4 Bg7 4. Nc3 O-O 5. e4 d6 6. Be2 e5
7. O-O Na6 8. Be3 Ng4 9. Bg5 Qe8 10. dxe5 dxe5 11. h3 h6
12. Bd2 Nf6 13. Be3 Qe7 14. Nd5 Qd8 15. Nd2 b6 16. Qc2 Nd7
17. a3 Nac5 18. Nb3 c6 19. Nb4 Qc7 20. Rfd1 Nxb3 21. Qxb3 Nc5
22. Bxc5 bxc5 23. Nd3 Qe7 24. Qa4 Be6 25. Rac1 Rfc8 26. Qa5
Bf8 27. Nxe5 Bxh3 28. f4 Be6 29. Nf3 Qf6 30. f5 gxf5 31. e5
Qg7 32. Rc3 f4 33. Bd3 Bg4 34. Bc2 Bxf3 35. Rxf3 Qxe5 36. Qd2
1/2-1/2

[Event "Hastings Chess Congress"]
[Site "Hastings ENG"]
[Date "2006.01.04"]
[EventDate "2005.12.28"]
[Round "8"]
[Result "1-0"]
[White "Gurpreet Pal Singh"]
[Black "Jon Viktor Gunnarsson"]
[WhiteElo "2286"]
[BlackElo "2411"]
[PlyCount "101"]

1. e4 c5 2. Nf3 d6 3. d4 cxd4 4. Nxd4 Nf6 5. Nc3 a6 6. Bc4 e6
7. a3 Qc7 8. Ba2 Nc6 9. f4 Bd7 10. Be3 Rc8 11. f5 Nxd4
12. Bxd4 Be7 13. Qe2 O-O 14. fxe6 Bxe6 15. Bxe6 fxe6 16. O-O
Qc4 17. Qd3 Nd7 18. Rxf8+ Bxf8 19. Rd1 Ne5 20. Qh3 Re8 21. Kh1
Qc7 22. Bxe5 dxe5 23. Rd2 Bc5 24. Nd1 Qf7 25. Qf3 Qg6 26. g3
Rf8 27. Qe2 h5 28. Rd3 Rf4 29. Kg2 Rxe4 30. Rd8+ Kh7 31. Qd3
Qf5 32. Rc8 Bd4 33. Rf8 Qxf8 34. Qxe4+ Qf5 35. Qe2 Kg6 36. c3
Ba7 37. b4 b5 38. c4 bxc4 39. Qxc4 e4 40. Qe2 Qd5 41. Nc3 Qd3
42. Qxe4+ Qxe4+ 43. Nxe4 Kf5 44. Kf3 g5 45. Nd6+ Kf6 46. Ne8+
Ke5 47. Nc7 g4+ 48. Ke2 a5 49. bxa5 Bc5 50. a6 Kd6 51. a7 1-0

[Event "Hastings Chess Congress"]
[Site "Hastings ENG"]
[Date "2006.01.04"]
[EventDate "2005.12.28"]
[Round "8"]
[Result "1-0"]
[White "Watu Kobese"]
[Black "Yves Duhayon"]
[WhiteElo "2400"]
[BlackElo "2233"]
[PlyCount "93"]

1. e4 e5 2. Nf3 Nc6 3. Bb5 Nf6 4. d3 d6 5. O-O g6 6. c3 Bg7
7. Re1 O-O 8. h3 Bd7 9. Ba4 Qe8 10. Nbd2 Nh5 11. Nf1 Kh8
12. Ne3 Nf4 13. Nd5 Nxd5 14. exd5 Ne7 15. Bb3 Qd8 16. d4 exd4
17. Nxd4 Nf5 18. Nf3 Nh4 19. Be3 Nxf3+ 20. Qxf3 Qf6 21. Qe4
Rae8 22. Qc4 Qd8 23. Bc2 a5 24. a4 Kg8 25. Rad1 Re5 26. Bd4
Rxe1+ 27. Rxe1 Re8 28. Rxe8+ Bxe8 29. Be3 Bd7 30. b4 b6
31. Bd2 h5 32. bxa5 bxa5 33. Qb3 Qa8 34. Be3 c5 35. Qb6 Be5
36. c4 Kg7 37. f4 Bf6 38. Qxd6 Qe8 39. Qxc5 Bxa4 40. Bd3 h4
41. Kf2 Qd8 42. Bd2 Qb8 43. Qa3 Bd4+ 44. Kf1 Bd7 45. c5 Bb5
46. c6 Ba7 47. Qb2+ 1-0

[Event "Hastings Chess Congress"]
[Site "Hastings ENG"]
[Date "2006.01.04"]
[EventDate "2005.12.28"]
[Round "8"]
[Result "1-0"]
[White "Simon T Ansell"]
[Black "Helgi Dam Ziska"]
[WhiteElo "2383"]
[BlackElo "2251"]
[PlyCount "43"]

1. e4 c5 2. Nc3 Nc6 3. Nf3 e5 4. Bc4 Be7 5. d3 d6 6. Nd2 Nf6
7. Nf1 Bg4 8. f3 Be6 9. Ne3 O-O 10. O-O Rb8 11. a3 Nd4
12. Ncd5 Nxd5 13. Nxd5 b5 14. Ba2 Bg5 15. f4 exf4 16. Bxf4
Bxf4 17. Rxf4 Qg5 18. Rf2 a5 19. c3 Nc6 20. d4 Ne7 21. Qd2
Qxd2 22. Nxe7+ 1-0

[Event "Hastings Chess Congress"]
[Site "Hastings ENG"]
[Date "2006.01.04"]
[EventDate "2005.12.28"]
[Round "8"]
[Result "0-1"]
[White "Gunnar Johnsen"]
[Black "Petr Marusenko"]
[WhiteElo "2231"]
[BlackElo "2342"]
[PlyCount "72"]

1. d4 f5 2. Nc3 Nf6 3. Bg5 d5 4. Bxf6 exf6 5. e3 c6 6. Qf3 Be6
7. Bd3 g6 8. h3 Na6 9. a3 Qa5 10. g4 Nb4 11. gxf5 Nxd3+
12. cxd3 gxf5 13. Nge2 Qc7 14. Nf4 Qd7 15. Kd2 O-O-O 16. b4
Kb8 17. Rhb1 Bf7 18. a4 Bd6 19. b5 Bc7 20. a5 cxb5 21. Rxb5 a6
22. Rb3 Ka8 23. Ke2 Qc6 24. Ra2 Rhg8 25. Na4 Bxf4 26. Qxf4 Qc1
27. Nb6+ Ka7 28. Qxf5 Rg1 29. Kf3 Qd1+ 30. Kf4 Qxb3 31. Qxf6
Qxa2 32. Qxd8 Qxf2+ 33. Ke5 Qxe3+ 34. Kd6 Qe6+ 35. Kc5 Qc6+
36. Kb4 Rb1+ 0-1

[Event "Hastings Chess Congress"]
[Site "Hastings ENG"]
[Date "2006.01.04"]
[EventDate "2005.12.28"]
[Round "8"]
[Result "1-0"]
[White "Adam G Ashton"]
[Black "Nicholas Tavoularis"]
[WhiteElo "2331"]
[BlackElo "2211"]
[PlyCount "118"]

1. e4 e6 2. d4 d5 3. Nc3 dxe4 4. Nxe4 Nd7 5. Nf3 Ngf6 6. Nxf6+
Nxf6 7. c3 c5 8. Ne5 a6 9. Qa4+ Bd7 10. Nxd7 Qxd7 11. Qxd7+
Nxd7 12. dxc5 Bxc5 13. Bd3 O-O-O 14. Bc2 Ne5 15. Ke2 f6
16. Bf4 Ng6 17. Bg3 Bd6 18. Bxd6 Rxd6 19. Rhd1 Rhd8 20. Rxd6
Rxd6 21. Rd1 Kc7 22. Rxd6 Kxd6 23. g3 Nf8 24. Ke3 e5 25. Be4
b6 26. b4 g6 27. Kd3 Ne6 28. Bb7 Nc7 29. Kc4 a5 30. Bg2 h6
31. Kb3 axb4 32. cxb4 f5 33. a4 g5 34. Kc4 e4 35. a5 bxa5
36. bxa5 h5 37. Bf1 Ke5 38. Kc5 f4 39. gxf4+ gxf4 40. Bc4 e3
41. fxe3 fxe3 42. h4 Ne6+ 43. Kb6 Kd4 44. Bf1 Nc5 45. Be2 Na4+
46. Kc6 Nc5 47. Bxh5 Na6 48. Be2 Nb4+ 49. Kd6 Ke4 50. h5 Kf5
51. Kc5 Na2 52. a6 Nc3 53. Bd3+ Kg5 54. a7 e2 55. Bxe2 Nxe2
56. a8=Q Nf4 57. Qg8+ Kxh5 58. Kd6 Kh4 59. Ke5 Nh5 1-0

[Event "Hastings Chess Congress"]
[Site "Hastings ENG"]
[Date "2006.01.04"]
[EventDate "2005.12.28"]
[Round "8"]
[Result "1/2-1/2"]
[White "Alexander Khantuev"]
[Black "Felix J Kwiatkowski"]
[WhiteElo "2302"]
[BlackElo "2223"]
[PlyCount "52"]

1. e4 c5 2. Nc3 Nc6 3. Bb5 Nd4 4. Bc4 Nf6 5. d3 e6 6. e5 d5
7. exf6 dxc4 8. fxg7 Bxg7 9. dxc4 Qh4 10. Be3 Bd7 11. Nf3
Nxf3+ 12. gxf3 Bxc3+ 13. bxc3 Qxc4 14. Qd3 Qxd3 15. cxd3 b6
16. Ke2 Ke7 17. a4 Kd6 18. c4 e5 19. Rhb1 Rab8 20. f4 f6
21. fxe5+ fxe5 22. Kd2 Rhg8 23. Kc3 Kc6 24. a5 Bf5 25. axb6
axb6 26. Rd1 Ra8 1/2-1/2

[Event "Hastings Chess Congress"]
[Site "Hastings ENG"]
[Date "2006.01.04"]
[EventDate "2005.12.28"]
[Round "8"]
[Result "1/2-1/2"]
[White "Alan Grant Kerr"]
[Black "Dimitar Karapchanski"]
[WhiteElo "2152"]
[BlackElo "2270"]
[PlyCount "83"]

1. c4 Nf6 2. g3 c5 3. Bg2 d5 4. cxd5 Nxd5 5. Nc3 Nc7 6. Nf3
Nc6 7. O-O e5 8. Ne1 Bd7 9. b3 Be7 10. Nd3 f6 11. f4 exf4
12. Nxf4 O-O 13. e3 Rb8 14. Bb2 Ne5 15. Ncd5 Ng6 16. Nxg6 hxg6
17. Nf4 Be8 18. Be4 f5 19. Bg2 Bf6 20. Bxf6 Rxf6 21. Qc2 b6
22. Rac1 g5 23. Nh3 Ne6 24. Rf2 Qd6 25. Qc4 Bf7 26. Qa6 g4
27. Nf4 Nxf4 28. gxf4 Bd5 29. Rc3 Bxg2 30. Rxg2 Qe7 31. Rd3
Rf7 32. Qc4 Re8 33. Rg3 Qe4 34. h3 Qxc4 35. bxc4 gxh3 36. Rxh3
Rfe7 37. Kf2 Kf7 38. Rd5 Kf6 39. Rh5 g6 40. Rh6 Kg7 41. Rh3
Re4 42. Rd6 1/2-1/2

[Event "Hastings Chess Congress"]
[Site "Hastings ENG"]
[Date "2006.01.04"]
[EventDate "2005.12.28"]
[Round "8"]
[Result "1/2-1/2"]
[White "David Ian Calvert"]
[Black "Ian Snape"]
[WhiteElo "2073"]
[BlackElo "2258"]
[PlyCount "76"]

1. b3 e5 2. Bb2 Nc6 3. e3 Nf6 4. Nf3 e4 5. Nd4 d5 6. Nxc6 bxc6
7. d3 Bd6 8. Nd2 O-O 9. dxe4 Re8 10. Be2 Rb8 11. e5 Bxe5
12. Bxe5 Rxe5 13. Nf3 Re8 14. c4 Ne4 15. Rc1 Qd6 16. O-O Bf5
17. Nd4 Bd7 18. Bf3 c5 19. Ne2 dxc4 20. Bxe4 Rxe4 21. Nc3 Ree8
22. bxc4 Bc6 23. Qxd6 cxd6 24. Rfd1 Red8 25. Rd2 Kf8 26. e4
Rb4 27. Nd5 Bxd5 28. exd5 Rdb8 29. Kf1 Rb2 30. Ke1 Ke7 31. Kd1
Kf6 32. Rxb2 Rxb2 33. Rc2 Rxc2 34. Kxc2 Ke5 35. Kd3 g5 36. f3
h5 37. g3 f6 38. h3 Kf5 1/2-1/2

[Event "Hastings Chess Congress"]
[Site "Hastings ENG"]
[Date "2006.01.04"]
[EventDate "2005.12.28"]
[Round "8"]
[Result "1-0"]
[White "Bernard Cafferty"]
[Black "Odin Blikra Vea"]
[WhiteElo "2207"]
[BlackElo "2090"]
[PlyCount "73"]

1. Nf3 Nc6 2. c4 e5 3. Nc3 f5 4. d4 e4 5. Ng5 Nf6 6. e3 h6
7. Nh3 g5 8. f3 Bb4 9. Bd2 Qe7 10. Qc2 d5 11. Nxd5 Nxd5
12. cxd5 Bxd2+ 13. Kxd2 Nb4 14. Qb3 a5 15. a3 Na6 16. Nf2 Rf8
17. Rc1 Rf6 18. Bb5+ Kf8 19. fxe4 fxe4 20. Rhf1 Kg7 21. Be2
Bf5 22. Qc3 b5 23. Bxb5 Rb8 24. Qxa5 Bc8 25. Nd1 Rfb6 26. Bc6
Qd6 27. g3 Rb3 28. Rc3 Qg6 29. Ba4 R3b6 30. Bc2 Qh5 31. Rf2
Bg4 32. b4 Bd7 33. d6 cxd6 34. Qd5 Re8 35. Bxe4 Be6 36. Qa5
Reb8 37. Bd3 1-0

[Event "Hastings Chess Congress"]
[Site "Hastings ENG"]
[Date "2006.01.04"]
[EventDate "2005.12.28"]
[Round "8"]
[Result "1-0"]
[White "Matthew N Anderton"]
[Black "Donny Muter"]
[WhiteElo "2205"]
[BlackElo "2085"]
[PlyCount "67"]

1. e4 c5 2. c3 d5 3. exd5 Qxd5 4. Nf3 Nc6 5. d4 Bg4 6. Be2 e6
7. h3 Bh5 8. O-O Nf6 9. Be3 cxd4 10. cxd4 Bb4 11. a3 Ba5
12. Nc3 Qd6 13. Rc1 O-O 14. Nb5 Qb8 15. Ne5 Nxe5 16. Bxh5 Nc6
17. Bf3 a6 18. Nc3 Qd6 19. d5 Ne5 20. dxe6 Nxf3+ 21. Qxf3 Qxe6
22. b4 Bb6 23. Bg5 Bd4 24. Qxb7 Qb3 25. Bxf6 Bxf6 26. Nd5 Bb2
27. Rc7 Rab8 28. Ne7+ Kh8 29. Qxa6 Bxa3 30. Nc6 Rxb4 31. Nxb4
Qxb4 32. Ra1 Bb2 33. Rb1 Qf4 34. Rc8 1-0